The poetical works of Henry W. Longfellow. (Record no. 157965)

MARC details
000 -LEADER
campo de control de longitud fija 00633nam a22001695i 4500
001 - NÚMERO DE CONTROL
campo de control 157965
003 - IDENTIFICADOR DE NÚMERO DE CONTROL
campo de control ES-MaACL
005 - FECHA Y HORA DE LA ÚLTIMA TRANSACCIÓN
campo de control 20230906210923.0
008 - DATOS DE LONGITUD FIJA--INFORMACIÓN GENERAL
campo de control de longitud fija 940301m1856 gw |||| | eng d
040 ## - FUENTE DE CATALOGACIÓN
Centro catalogador/agencia de origen AS
Lengua de catalogación spa
100 1# - ENTRADA PRINCIPAL--NOMBRE DE PERSONA
Nombre de persona Longfellow, Henry Wadsworth.
9 (RLIN) 73236
245 14 - MENCIÓN DEL TÍTULO
Título The poetical works of Henry W. Longfellow.
260 ## - PUBLICACIÓN, DISTRIBUCIÓN, ETC.
Lugar de publicación, distribución, etc. Leipzig :
Nombre del editor, distribuidor, etc. Bernhard Tauchnitz,
Fecha de publicación, distribución, etc. 1856.
300 ## - DESCRIPCIÓN FÍSICA
Extensión v. ;
Dimensiones 16 cm.
752 ## - ENTRADA AGREGADA--NOMBRE JERÁRQUICO DEL LUGAR
País o entidad superior Alemania -
Ciudad , Leipzig
852 ## - LOCALIZACIÓN
Ubicación ES-MaACL
Número de control de estantería G-11818
Nota libre -- Enc. hol.
-- -- 2 t. en 1 v.
Encuadernación -- Edic.: 2 v. (399 p., [1] h. de lám.; 322 p.) - En las antep. consta la serie: (Collection of british authors; 347; 348)
Holdings
Estatus retirado Estado de pérdida Estado de daño No para préstamo Colección Biblioteca de origen Biblioteca actual Ubicación en estantería Fecha de adquisición Fuente de adquisición Total de préstamos Signatura topográfica completa Código de barras Visto por última vez Precio de reemplazo Tipo de ítem Koha
        Libros del s. XIX Biblioteca del Ateneo de Madrid Biblioteca del Ateneo de Madrid Sala Pecera Planta 3 17/01/2008     G-11818 1165320 23/02/2023 23/02/2023 Libro impreso antiguo